000 00344nam a2200133Ia 4500
008 240624s9999 xx 000 0 und d
041 _aeng
082 _a920 SHA
100 _aSHARMA S R
245 _aLIFE AND WORKS OF DR SARVAPALLI RADHAKRI
260 _c2007
_aNew Delhi
_bBook Enclave
300 _av, : 269 : p. : cm. ; 22
365 _cRS
_b20
999 _c6876
_d6876